Marketingová komunikácia rodinného podniku v cestovnom ruchu diplomová práca

Salvato in:
Dettagli Bibliografici
Autore principale: Sekot, Patrik
Ente Autore: Obchodná fakulta EU. Katedra cestovného ruchu
Altri autori: Mura, Ladislav, 1979-
Natura: Libro
Lingua:slovacco
Pubblicazione: Bratislava 2024
Tags: Aggiungi Tag
Nessun Tag, puoi essere il primo ad aggiungerne!!

MARC

LEADER 00000nbm a2200000 4500
001 0302190
005 20250822111414.9
041 0 |a slo 
044 |a SK 
245 1 0 |a Marketingová komunikácia rodinného podniku v cestovnom ruchu  |b diplomová práca  |c Patrik Sekot ; školiteľ: Ladislav Mura 
264 1 |a Bratislava  |c 2024 
300 |a 87 s. 
100 1 |a Sekot, Patrik 
700 1 |a Mura, Ladislav, 1979- 
710 2 |a Obchodná fakulta EU. Katedra cestovného ruchu